1222 1372 1229 1404 1253 1568 1838 1170 1248 1837 1047 1443 1560 1381 1203 1980 1873 1736 1921 1839 1254 1576 1571 1723 1423 1119 1060 1989 1940 1401 1923 1568 1732 1896 1443 1827 1141 1789 1148 1532 1071 1042 1213 1751 1400 1295 1532 1118 1166 1917 1749 1306 1146 1602 1608 1867 1785 1811 1941 1151 1714 1664 1310 1511 1796 1085 1171 1434 1487 1613 1169 1774 1388 1954 1146 1669 1552 1107 1114 1339 1045 1455 1817 1534 1925 1398 1626 1049 1757 1343 1108 1765 1345 1522 1490 1370 1286 1752 1714 BCNSPRNW ULIB Ver.6.0+V

เปลี่ยนเป็นภาษาไทย

Change to English
 แสดงรายละเอียดบรรณานุกรม
  กลับหน้าหลัก

Brief Record : Get Marc (ISO 2709) : E-mail record : QR code < ปิดหน้าต่าง
LEADER : 00000nas 2200000uu 4500
001    13399114164
003     ULIB
008    020711s|||| th a 000 0 tha d
110    ^aสำนักงานวิจัยและพัฒนากำลังคนด้านสุขภาพ
245    ^aผีเสื้อขยับปีก
260    ^aนนทบุรี :^bสำนักงานวิจัยและพัฒนากำลังคนด้านสุขภาพ,^cม.ป.ป.
310    ^aรายสี่เดือน
850    ^aฉบับที่ 22 ปีที่ 4
945    ^p0^l0^i900190
รายการนี้ยังไม่มีแท็ก
คุณยังไม่ได้ล็อกอิน คุณสามารถมีกิจกรรมร่วมกับเว็บไซต์ได้ แต่ต้องล็อกอินก่อน ::
  ล็อกอิน

รายการสื่อสารสนเทศ (วารสาร)

ดูแบบ: กล่อง รายการ
ARRIVED
ฉบับที่ 22 ปีที่ 4
สถานที่: ห้องสมุดวิทยาเขตสวรรค์ประชารักษ์ >วารสาร
รายการใกล้เคียง
    ผู้แต่ง []

BibComment


ยังไม่เคยถูกคอมเมนท์

คอมเมนท์ทรัพยากรรายการนี้
  คอมเมนท์: ผีเสื้อขยับปีก


 Copyright 2026. Bcnsprnw @Library